Tablas de logaritmos de los números y de las líneas trigonométricas con seis decimales.
| Main Author: | |
|---|---|
| Format: | Section = Libro |
| Language: | Undetermined Spanish |
| Published: |
Barcelona
Gustavo Gili
[s.f.]
|
| Subjects: |
| LEADER | 00570nam a2200193Ia 4500 | ||
|---|---|---|---|
| 008 | 240829s9999 xx 000 0 und d | ||
| 040 | |a BIBLIOTECA-RUSB/ 512.922 B826 | ||
| 041 | |a spa | ||
| 082 | |a 512.922 B826 | ||
| 100 | 1 | |a Bremiker, C | |
| 245 | 1 | 0 | |a Tablas de logaritmos de los números y de las líneas trigonométricas con seis decimales. |
| 260 | |a Barcelona |b Gustavo Gili |c [s.f.] | ||
| 300 | |a 601 p. :il. | ||
| 650 | 7 | |a EXPONENTES Y LOGARITMOS | |
| 650 | 7 | |b TRIGONOMETRIA | |
| 650 | 7 | |c TABLAS DE LOGARITMOS. Tit. | |
| 942 | |c BK |2 ddc | ||
| 991 | |a TEXTO | ||
| 999 | |c 1530 | ||